000 00336nam a2200121 4500
082 _a621.815NAG
100 _aNagpal, G.R.
245 _aMachine Design
260 _aIndia:
_bKhanna Publishers,
_c1997.
300 _a943p. ;
856 _uhttp://books.google.com.pk/books/about/Machine_Design.html?id=sy3pnAEACAAJ&redir_esc=y
942 _cBK
999 _c8670
_d8670